Flagi głów państw - Statystyki

Ogólne statystyki
  • Ten quiz został rozwiązany 57 razy
  • Średni wynik to 6 z 15
Statystyki odpowiedzi
Obrazkowy Odpowiedź % Poprawnych
Polska
100%
Argentyna
80%
Dania
59%
Grecja
59%
Izrael
55%
Liechtenstein
51%
Singapur
51%
Japonia
49%
Oman
29%
Zambia
29%
Wenezuela
27%
Łotwa
18%
Tonga
16%
Kuba
14%
Indonezja
2%
Nie znaleziono quizów pasujących do podanych kryteriów
Rozkład punktacji
Procent ludzi z każdym wynikiem
Percentyl według liczby udzielonych odpowiedzi
Twoja historia wyników
Nie rozwiązałeś tego quizu